000 00304nam a22001337a 4500
008 171030b xxu||||| |||| 00| 0 eng d
020 _a9780077427689
041 _aeng
080 _27TH
_a336
100 _a57
101 _aFIN
245 _aESSENTIALS OF CORPORATE FINANCE
_cROSS,S.A
942 _2udc
_cBK
999 _c36420
_d36420